|
|
|
|
| LEADER |
01768nam a2200361 a 4500 |
| 001 |
13969333 |
| 008 |
120620s2004 bg ab b 001 0 eng |
| 010 |
|
|
|a 2005318121
|
| 020 |
|
|
|z 98481261701
|
| 040 |
|
|
|a DLC
|c DLC
|d BD-DhAAL
|
| 042 |
|
|
|a lcode
|
| 043 |
|
|
|a ah-----
|
| 050 |
0 |
0 |
|a TD302.9
|b .P67 2004
|
| 082 |
0 |
0 |
|a 333.91/3/095
|2 21
|
| 245 |
0 |
0 |
|a Potential for sharing of common regional resources in the Eastern Himalayan Region :
|b focus on Sapta Kosi High Dam Project /
|c core study team director and editor, Qazi Kholiquzzaman Ahmad.
|
| 246 |
3 |
0 |
|a Sharing of common regional resources
|
| 260 |
|
|
|a Dhaka :
|b Bangladesh Unnayan Parishad,
|c 2004.
|
| 300 |
|
|
|a xxii, 168 p. :
|b col. ill., col. maps (1 folded) ;
|c 22 cm.
|
| 500 |
|
|
|a "With support from Ministry of Environment and Forest, Government of Bangladesh under the technical assistance of United Nations Development Programme"--added t.p.
|
| 520 |
|
|
|a With reference to the Project area in India, Bangladesh, and Nepal.
|
| 504 |
|
|
|a Includes bibliographical references (p. [145]-148) and index.
|
| 541 |
|
|
|e 00025450
|
| 650 |
|
0 |
|a Water-supply
|z Himalaya Mountains Region.
|
| 650 |
|
0 |
|a Water resources development
|z Himalaya Mountains Region.
|
| 650 |
|
0 |
|a Global commons
|z Himalaya Mountains Region.
|
| 610 |
2 |
0 |
|a Sapta Kosi High Dam Project.
|
| 700 |
1 |
|
|a Ahmad, Qazi Kholiquzzaman,
|d 1943-
|
| 710 |
1 |
|
|a Bangladesh.
|b Paribeśa o Bana Mantraṇālaẏa.
|
| 710 |
2 |
|
|a United Nations Development Programme (Bangladesh)
|
| 710 |
2 |
|
|a Sapta Kosi High Dam Project.
|
| 852 |
1 |
|
|a Ayesha Abed Library
|c General shelf.
|
| 999 |
|
|
|c 12409
|d 12409
|
| 952 |
|
|
|0 0
|1 0
|2 ddc
|4 0
|6 333_913095000000000_POT
|7 0
|9 20539
|a JPGSPH
|b JPGSPH
|c GEN
|d 2012-06-20
|l 0
|o 333.913095 POT
|p 3060025450
|r 2012-06-20
|t 1
|w 2012-06-20
|y BK
|